[Event "Moscow Itkin Memorial"]
[Site "Moscow"]
[Date "2012.08.27"]
[Round "7"]
[White "Seleznev, Yury"]
[Black "Spichkin, Alexander"]
[Result "0-1"]
[WhiteElo "1968"]
[BlackElo "2242"]
[PlyCount "80"]
[EventDate "2012.08.12"]
[EventType "swiss"]
[EventRounds "9"]
[EventCountry "RUS"]
[SourceTitle "EXT 2022"]
[Source "ChessBase"]
[SourceDate "2021.10.06"]
[SourceVersion "1"]
[SourceVersionDate "2021.10.06"]
[SourceQuality "1"]

1. d4 e6 2. Nf3 f5 3. g3 Nf6 4. Bg5 Be7 5. Bg2 0-0 6. Nbd2 d5 7. Ne5 Nbd7 8. Ndf3 Nxe5 9. Nxe5 c5 10. 0-0 Qb6 11. b3 cxd4 12. a4 a5 13. Qd3 Bd6 14. Bxf6 gxf6 15. Nf3 e5 16. Qd2 Rf7 17. Nh4 e4 18. Rfd1 f4 19. gxf4 Rg7 20. f3 Bb4 21. Qc1 d3+ 22. e3 exf3 23. Nxf3 Bh3 24. Nh4 Bxg2 25. Nxg2 d2 26. Rxd2 Qxe3+ 27. Rf2 Bc5 28. Qxe3 Bxe3 29. Rd1 Rc8 30. Rdd2 Rc3 31. Rde2 d4 32. Kf1 Bxf2 33. Rxf2 d3 34. cxd3 Rxb3 35. Rd2 Rd7 36. Ke2 Ra3 37. Ne3 Rxa4 38. Kf3 Rad4 39. Rg2+ Kf8 40. Kg4 Rg7+ 0-1

[Event "Moscow Itkin Memorial"]
[Site "Moscow"]
[Date "2012.08.12"]
[Round "1"]
[White "Seleznev, Yury"]
[Black "Krylov, Sergey V"]
[Result "1-0"]
[WhiteElo "1968"]
[BlackElo "1487"]
[PlyCount "73"]
[EventDate "2012.08.12"]
[EventType "swiss"]
[EventRounds "9"]
[EventCountry "RUS"]
[SourceTitle "EXT 2022"]
[Source "ChessBase"]
[SourceDate "2021.10.06"]
[SourceVersion "1"]
[SourceVersionDate "2021.10.06"]
[SourceQuality "1"]

1. b4 e6 2. a3 c5 3. bxc5 Bxc5 4. d4 Bb6 5. Nf3 Nf6 6. g3 d5 7. Bg2 0-0 8. 0-0 Nbd7 9. Nbd2 Ne4 10. Nxe4 dxe4 11. Ng5 Nf6 12. c3 Qc7 13. Bb2 Bd7 14. Nxe4 Nxe4 15. Bxe4 Bc6 16. Qd3 Bxe4 17. Qxe4 Rac8 18. Rfc1 Qc4 19. a4 Qd5 20. Qd3 Rc4 21. a5 Bc7 22. e4 Qc6 23. Ba3 Rc8 24. d5 Qa6 25. Bb4 exd5 26. exd5 Bd6 27. Rcb1 h5 28. Bxd6 Qxd6 29. Rxb7 Rxc3 30. Qf5 Qg6 31. Qxg6 fxg6 32. Rxa7 Rd3 33. Rd7 Rc2 34. a6 Rdd2 35. a7 Rxf2 36. a8Q+ Kh7 37. d6 1-0